Welcome to the Holygrace Academy Library

Please use search bar below to get started

CBSE MCQs QUESTION BANK CHAPTERWISE BIOLOGY (Record no. 721)

MARC details
000 -LEADER
fixed length control field 00350nam a22001337a 4500
020 ## - INTERNATIONAL STANDARD BOOK NUMBER
ISBN 978-93-5463-703-2
082 ## - DEWEY DECIMAL CLASSIFICATION NUMBER
Classification number 574
Item number OSW/Q
100 ## - MAIN ENTRY--AUTHOR NAME
Personal name OSWAAL BOOKS
245 ## - TITLE STATEMENT
Title CBSE MCQs QUESTION BANK CHAPTERWISE BIOLOGY
Remainder of title CLASS XII
260 ## - PUBLICATION, DISTRIBUTION, ETC. (IMPRINT)
Place of publication AGRA
Name of publisher OSWAAL BOOKS
Year of publication 2021
300 ## - PHYSICAL DESCRIPTION
Number of Pages 86
650 ## - SUBJECT ADDED ENTRY--TOPICAL TERM
Topical Term BIOLOGY QUESTION BANK FOR CLASS XII
Geographic subdivision INDIA
942 ## - ADDED ENTRY ELEMENTS (KOHA)
Koha item type Books
Holdings
Withdrawn status Lost status Collection code Home library Current library Shelving location Date acquired Source of acquisition Cost, normal purchase price Full call number Accession Number Koha item type
    Reference Main Library Main Library SHELF-9 E XII BIOLOGY 01/07/2023 purchase 199.00 574 OSW/Q 12808 Books